00603nam a2200169 i 450000100060000000300090000600500170001500700030003200800410003510000340007624501930011026000560030330000210035965000120038070000150039285200260040745783ES-MaACL20230906161256.0t|030326s1903 fr ||||1| fre d1 aCoudenhove-Kalergi, Heinrich.13aLe minotaure de "l'honneur" b: étude sur le mouvement antiduelliste et le erreurs les plus répandues en matère de duel / cHeinrich Coudenhove ; traduit de l'allemand par M. Rameau. aPerpignan : b[s.n., c1903] (fImp. de C. Latrobe) a78 p. ; c23 cm.04aDuelos.1 aRameau, M. aES-MaACLjT-1037-F-12